000
00284nam a2200109Ia 4500
008
200302s9999 xx 000 0 und d
100
_a
Peter Cook & Other
245
_a
New Spirit in Architecture
260
_b
Rizzoli Intrenational Publication Inc.
260
_c
1936
300
_a
203 P.,
999
_c
5438
_d
5438